Tratado de Química Física en exposición elemental / (Record no. 58839)

MARC details
000 -LEADER
campo de control de longitud fija 00811nam a2200217 i 4500
001 - NÚMERO DE CONTROL
campo de control 58839
003 - IDENTIFICADOR DE NÚMERO DE CONTROL
campo de control ES-MaACL
005 - FECHA Y HORA DE LA ÚLTIMA TRANSACCIÓN
campo de control 20230906163912.0
007 - CAMPO FIJO DE DESCRIPCIÓN FÍSICA--INFORMACIÓN GENERAL
campo de control de longitud fija t|
008 - DATOS DE LONGITUD FIJA--INFORMACIÓN GENERAL
campo de control de longitud fija 031024s1943 sp ||||1| spa d
100 1# - ENTRADA PRINCIPAL--NOMBRE DE PERSONA
Nombre de persona Eggert, John.
9 (RLIN) 46724
245 10 - MENCIÓN DEL TÍTULO
Título Tratado de Química Física en exposición elemental /
Mención de responsabilidad, etc. por John Eggert ; con la colaboración de Lothar Hock ; versión española por J. Palacios ; revisada y puesta al día según la 5ª edición alemana por J. Mercadal Medina.
250 ## - MENCION DE EDICION
Mención de edición 2ª ed.
260 ## - PUBLICACIÓN, DISTRIBUCIÓN, ETC.
Lugar de publicación, distribución, etc. Barcelona :
Nombre del editor, distribuidor, etc. Labor,
Fecha de publicación, distribución, etc. 1943 (
Fabricante Tall. Ibero-Americanos)
300 ## - DESCRIPCIÓN FÍSICA
Extensión XVI, 726 p. :
Otras características físicas il., gráf. ;
Dimensiones 24 cm.
700 1# - ENTRADA AGREGADA--NOMBRE PERSONAL
Nombre de persona Hock, Lothar.
9 (RLIN) 63879
700 1# - ENTRADA AGREGADA--NOMBRE PERSONAL
Nombre de persona Palacios, J.
9 (RLIN) 192357
700 1# - ENTRADA AGREGADA--NOMBRE PERSONAL
Nombre de persona Mercadal Medina, J.
9 (RLIN) 80413
852 ## - LOCALIZACIÓN
Ubicación ES-MaACL
Número de control de estantería E-1459
Sublocalización o colección R.30888
Holdings
Estatus retirado Estado de pérdida Estado de daño No para préstamo Biblioteca de origen Biblioteca actual Ubicación en estantería Fecha de adquisición Fuente de adquisición Total de préstamos Signatura topográfica completa Código de barras Visto por última vez Precio de reemplazo Tipo de ítem Koha
        Biblioteca del Ateneo de Madrid Biblioteca del Ateneo de Madrid Depósito 2 17/01/2008     E-1459 1061725 23/02/2023 23/02/2023 Libro impreso